000 nam a22 7a 4500
999 _c8668
_d8668
008 180118b ||||| |||| 00| 0 eng d
100 _bBanerjee B
_95031
245 _aEnvironmental Studies
260 _aNew Delhi
_bNCERT
_c2008